|
|
|
|
| LEADER |
00000nam0a2200000 4500 |
| 001 |
63668 |
| 005 |
20231101212059.0 |
| 010 |
|
|
|a 5020062170
|
| 035 |
|
|
|a (RuTPU)RU\TPU\book\67567
|
| 090 |
|
|
|a 63668
|
| 100 |
|
|
|a 20040519d2005 k y0rusy50 ca
|
| 101 |
0 |
|
|a rus
|
| 102 |
|
|
|a RU
|
| 105 |
|
|
|a y z 000zy
|
| 200 |
1 |
|
|a Феномен тоталитаризма: политическая теория и исторические метаморфозы
|f Н. В. Работяжев, Э. Г. Соловьев
|g Российская академия наук; Институт мировой экономики и международных отношений
|
| 210 |
|
|
|a Москва
|c Наука
|d 2005
|
| 215 |
|
|
|a 327 с.
|
| 330 |
|
|
|a В книге рассматриваются основные направления развития концепции тоталитаризма в российской общественно-политической мысли и западной политологии. Анализируются вехи формирования концепции, базовый концепт тоталитаризма и альтернативные ему построения. Предпринимается попытка создания на основе междисциплинарного подхода адекватной теоретической конструкции, которая позволила бы приблизиться к пониманию сущности феномена тоталитаризма. В связи с этим исследуются политическая система тоталитаризма, ее институты, их взаимосвязь, внутренняя логика их появления, функционирования, эволюции и деградации, а также причины кризиса тоталитаризма в СССР и Китае. Для политологов, социологов, студентов, преподавателей гуманитарных дисциплин, а также для всех, кого интересует политическая история XX века.
|
| 606 |
1 |
|
|a Тоталитаризм
|x Политическая идеология
|y СССР
|2 stltpush
|3 (RuTPU)RU\TPU\subj\61120
|9 78328
|
| 610 |
1 |
|
|a политика
|
| 610 |
1 |
|
|a политический строй
|
| 610 |
1 |
|
|a Россия
|
| 610 |
1 |
|
|a 20 век
|
| 610 |
1 |
|
|a тоталитаризм
|
| 610 |
1 |
|
|a теория
|
| 610 |
1 |
|
|a история
|
| 610 |
1 |
|
|a политические системы
|
| 610 |
1 |
|
|a тоталитарные системы
|
| 686 |
|
|
|a Ф3(2)12
|v LBC/SL-A
|2 rubbk
|
| 700 |
|
1 |
|a Работяжев
|b Н. В.
|g Николай Владимирович
|
| 701 |
|
1 |
|a Соловьев
|b Э. Г.
|g Эдуард Геннадьевич
|
| 712 |
0 |
2 |
|a Российская академия наук (РАН)
|b Институт мировой экономики и международных отношений (ИМЭМО)
|c (Москва)
|2 stltpush
|3 (RuTPU)RU\TPU\col\241
|
| 801 |
|
1 |
|a RU
|b 63413507
|c 20040519
|g PSBO
|
| 801 |
|
2 |
|a RU
|b 63413507
|c 20131227
|g PSBO
|
| 900 |
|
|
|a История политических учений
|
| 942 |
|
|
|c BK
|